修煉 . 穿越神異界 . III

資料類型: Book 圖書   書目號:49850

Leader xxxxxxxxxx
001 __ PCLIS00049850
005 __ 20221118091700.0
010 0_ |a978-986-5988-49-4|b平裝|dNT$360
100 __ |a20160421d2013    de y0chiy09      e
101 0_ |achi
102 __ |atw
105 __ |ay   z   000ay
200 1_ |a修煉|hIII|i穿越神異界|f陳郁如作
205 __ |a初版
210 __ |a臺北市|c小兵|d2013[民102]
215 0_ |a367,[1]面||d22公分
225 2_ |a修煉|vIII
461 _0 |12001 |a修煉|vIII
517 1_ |a穿越神異界
606 __ |2cst|a長篇小說
681 __ |a857.7|b8756
700 _1 |a|b郁如|4801 _0 |atw|b內湖高中|c20160421|gCCR
  
詳細館藏(共 1 筆)
索 書 號登 錄 號冊次號館別 / 館藏地流通類型狀態加入預約清單電子資源
857.7 / 8756 1023621 v.3 圖書館 / 一樓普通區 可外借30天 在館   

| 條列資料




目錄查詢 分類查詢 個人資料 圖書薦購 新書查詢 閉館日 排行榜 更多電子資源 Hami書城 線上資料庫 登出

From : 216.73.217.52

  本日流通累計至 10:48:19 借閱 : 0 次 續借 : 0 次 歸還 : 0 次 預約 : 0 次 電子資源 : 0 次


內湖高中圖書館  PCLIS 版本  26.5.0.12